000 00858nam a22002057a 4500
005 20210325205914.0
008 s2554 th ||||| |||| 00| 0 tha d
020 _a9789740207931
050 _aTX795 พ971อ 2554
100 0 _aอิสสริยา พรายทองแย้ม, ผู้แปล
245 1 0 _aไอศกรีม : ประวัติศาสตร์แสนอร่อย
260 3 _aกรุงเทพฯ :
_bมติชน,
_c2554
300 _a210 หน้า :
_b ภาพประกอบ ;
_c 21 ซม.
650 0 4 _aไอศกรีม -- ประวัติ
850 _aNALT
942 _cGB
997 _a39770 ฉ.1 /39771 ฉ.2
997 _c000000000064752
998 _aนางสุกัญญา กัลยา
999 _c64752
_d64752